| 000 | 01307nam a2200253Ia 4500 | ||
|---|---|---|---|
| 003 | Ost | ||
| 005 | 20260507075111.0 | ||
| 008 | 260507s9999||||xx |||||||||||||| ||und|| | ||
| 020 | _a447279977 | ||
| 040 | _cfsecg | ||
| 041 | _aara | ||
| 082 | _a330 | ||
| 100 |
_aعليوة، السيد _eمؤلف |
||
| 245 | 0 |
_aتحليل مخاطر الاستثمار في البورصة و الاوراق المالية / _c السيد عليوة |
|
| 260 |
_aالقاهرة: _bدار الامين للنشر و التوزيع, _c2006 |
||
| 300 |
_a195 صفحة؛ _c24 سم |
||
| 504 | _aالكتاب فيه اللغة الإنجليزية | ||
| 520 | _aتجد في هذا الكتاب: تاريخ البورصة؛ الأسهم والسندات؛ سوق الأوراق المالية؛ البورصة وتمويل المشروعات، أنواع الأسهم، حقوق المساهم، ملامح السوق المصري، صناديق الإستثمار في الأوراق المالية. دراسة حالة لكل من اليمن، اندونيسا، جنوب إفريقيا، روسيا، بولندا، البوسنة والهرسك. | ||
| 653 | _aاستثمار | ||
| 653 | _aإقتصاد عالمي. | ||
| 653 | _aالأوراق المالية | ||
| 653 | _aالبورصة | ||
| 942 | _cكتاب | ||
| 999 |
_c42899 _d42899 |
||